[Event "Buenos Aires Intercoop 29th"]
[Site "Buenos Aires"]
[Date "2003.??.??"]
[Round "2"]
[White "Jarmoluk, Jorge E"]
[Black "De las Heras, Juan Carlos"]
[Result "1-0"]
[WhiteElo "2114"]
[BlackElo "2247"]
[PlyCount "73"]
[EventDate "2003.08.23"]
[EventType "team"]
[EventRounds "7"]
[EventCountry "ARG"]
[SourceTitle "EXT 2004"]
[Source "ChessBase"]
[SourceDate "2003.11.25"]
[SourceVersion "1"]
[SourceVersionDate "2003.11.25"]
[SourceQuality "1"]

1. d4 d6 2. c4 e5 3. dxe5 dxe5 4. Qxd8+ Kxd8 5. Nf3 f6 6. g3 Nc6 7. Bg2 Nb4 8. Na3 c6 9. Bd2 Kc7 10. 0-0 Bg4 11. h3 Bh5 12. g4 Bf7 13. Rfc1 h5 14. g5 h4 15. Nc2 a5 16. a3 Nxc2 17. Rxc2 a4 18. Rd1 Ne7 19. Bb4 Ng6 20. Rcd2 Be6 21. e3 Kb6 22. Bf1 Bc5 23. Kg2 Bf5 24. Be2 Raf8 25. Ne1 fxg5 26. Bxc5+ Kxc5 27. Nd3+ Kb6 28. b4 e4 29. Nc5 Ne5 30. Nxa4+ Ka7 31. b5 g4 32. b6+ Kb8 33. hxg4 Nxg4 34. Nc5 Ne5 35. a4 Kc8 36. a5 h3+ 37. Kg3 1-0

[Event "Najdorf Memorial op"]
[Site "Buenos Aires"]
[Date "2002.09.28"]
[Round "6.29"]
[White "Bernal, Gustavo"]
[Black "De las Heras, Juan Carlos"]
[Result "0-1"]
[WhiteElo "2161"]
[BlackElo "2247"]
[PlyCount "59"]
[EventDate "2002.09.23"]
[EventType "swiss"]
[EventRounds "8"]
[EventCountry "ARG"]
[SourceTitle "CBM 090 Extra"]
[Source "ChessBase"]
[SourceDate "2002.11.07"]
[SourceVersion "1"]
[SourceVersionDate "2002.11.07"]
[SourceQuality "1"]

1. d4 Nf6 2. c4 d6 3. Nf3 c6 4. Nc3 Bf5 5. Nh4 Bd7 6. g3 g6 7. Bg2 Bg7 8. 0-0 0-0 9. h3 e5 10. dxe5 dxe5 11. Be3 Na6 12. Nf3 Re8 13. Ng5 Qc7 14. Rc1 Rad8 15. Qb3 h6 16. Nb5 cxb5 17. cxb5 hxg5 18. bxa6 Qa5 19. axb7 Be6 20. Qa3 Qxa3 21. bxa3 e4 22. Bxa7 Bd5 23. Rb1 Nd7 24. Rfd1 Bxa2 25. Rxd7 Rxd7 26. b8Q Rxb8 27. Rxb8+ Kh7 28. Be3 f5 29. Bxg5 Bd5 30. Bf1 0-1

[Event "Najdorf Memorial op"]
[Site "Buenos Aires"]
[Date "2002.09.28"]
[Round "7.22"]
[White "De las Heras, Juan Carlos"]
[Black "Manrique, Leonardo"]
[Result "0-1"]
[WhiteElo "2247"]
[BlackElo "2067"]
[PlyCount "66"]
[EventDate "2002.09.23"]
[EventType "swiss"]
[EventRounds "8"]
[EventCountry "ARG"]
[SourceTitle "CBM 090 Extra"]
[Source "ChessBase"]
[SourceDate "2002.11.07"]
[SourceVersion "1"]
[SourceVersionDate "2002.11.07"]
[SourceQuality "1"]

1. e4 c5 2. Nf3 Nc6 3. Bb5 g6 4. 0-0 Bg7 5. c3 e5 6. d4 cxd4 7. cxd4 Nxd4 8. Nxd4 exd4 9. e5 Ne7 10. Qxd4 0-0 11. Bf4 Nc6 12. Qd6 Re8 13. Re1 Re6 14. Qd5 d6 15. Nc3 Qe8 16. Ne4 dxe5 17. Bg5 h6 18. Be3 a6 19. Ba4 Re7 20. Rac1 Be6 21. Qc5 b5 22. Bxh6 bxa4 23. Bxg7 Kxg7 24. Qxc6 Qxc6 25. Rxc6 Bxa2 26. Nc5 Bb3 27. f3 Bc4 28. Ra1 Bb5 29. Rd6 Rc7 30. Nxa4 Rc2 31. Nc3 Rb8 32. Rd5 Bc4 33. Rxe5 Rbxb2 0-1

[Event "Najdorf Memorial op"]
[Site "Buenos Aires"]
[Date "2002.09.25"]
[Round "3.10"]
[White "De las Heras, Juan Carlos"]
[Black "Filgueira, Hernan"]
[Result "1-0"]
[WhiteElo "2247"]
[BlackElo "2371"]
[PlyCount "83"]
[EventDate "2002.09.23"]
[EventType "swiss"]
[EventRounds "8"]
[EventCountry "ARG"]
[SourceTitle "CBM 090 Extra"]
[Source "ChessBase"]
[SourceDate "2002.11.07"]
[SourceVersion "1"]
[SourceVersionDate "2002.11.07"]
[SourceQuality "1"]

1. e4 c5 2. Nf3 e6 3. d4 cxd4 4. Nxd4 Nc6 5. Be2 Qc7 6. 0-0 a6 7. Nc3 Nf6 8. Be3 Bb4 9. Nxc6 bxc6 10. f4 d5 11. e5 Nd7 12. Na4 Be7 13. Bd3 c5 14. c4 d4 15. Bd2 Bb7 16. b3 g5 17. Qh5 gxf4 18. Bxf4 Rg8 19. Rf2 0-0-0 20. Re1 Qc6 21. Be4 Qxe4 22. Rxe4 Bxe4 23. Qxf7 Bh4 24. Bg3 Bxg3 25. hxg3 Rde8 26. Qf4 Bc6 27. Nb2 Rg6 28. b4 Reg8 29. bxc5 Rxg3 30. Qxd4 Bxg2 31. Rf4 Bc6+ 32. Kf1 Rh3 33. Ke2 Rh2+ 34. Rf2 Bf3+ 35. Ke3 Rxf2 36. Kxf2 Bc6 37. Nd3 a5 38. Qd6 Rg2+ 39. Ke1 Kb7 40. Nf4 Rg4 41. Nxe6 Re4+ 42. Kd2 1-0

[Event "Buenos Aires Boca op"]
[Site "Buenos Aires"]
[Date "2001.09.17"]
[Round "1"]
[White "Ricardi, Pablo"]
[Black "De las Heras, Juan Carlos"]
[Result "1-0"]
[WhiteElo "2545"]
[BlackElo "2260"]
[PlyCount "119"]
[EventDate "2001.09.17"]
[EventType "swiss"]
[EventRounds "9"]
[EventCountry "ARG"]
[SourceTitle "CBM 084 Extra"]
[Source "ChessBase"]
[SourceDate "2001.10.26"]
[SourceVersion "1"]
[SourceVersionDate "2001.10.26"]
[SourceQuality "1"]

1. e4 e5 2. Nf3 d6 3. d4 exd4 4. Nxd4 Nf6 5. Nc3 c6 6. Bf4 Be7 7. Qd2 a5 8. 0-0-0 0-0 9. f3 d5 10. Bd3 dxe4 11. Bxe4 Nxe4 12. Nxe4 a4 13. Qf2 Qa5 14. Bd2 Qd5 15. Kb1 c5 16. Ne2 Be6 17. Nc1 Re8 18. Bg5 Qc6 19. Bxe7 Rxe7 20. Qxc5 Rd7 21. Qxc6 Nxc6 22. Nc5 Rxd1 23. Rxd1 Bc8 24. a3 Ra5 25. Ne4 Be6 26. Ne2 Kf8 27. Nd4 Nxd4 28. Rxd4 Bd5 29. Kc1 Bc6 30. Kd2 Ke7 31. Ke3 f5 32. Nc3 g5 33. g3 h5 34. h3 Re5+ 35. Kf2 Rc5 36. f4 g4 37. h4 Ra5 38. Ke3 Rc5 39. Kd3 Ra5 40. Kd2 Ra8 41. Nd1 Ra5 42. Ne3 Be4 43. Rb4 Ke6 44. Rc4 Bc6 45. Rd4 Ke7 46. Nc4 Rb5 47. Kc1 Rc5 48. Nb6 Ra5 49. Kd2 Ke6 50. Rd8 Be4 51. Ra8 Rc5 52. Rc8 Ra5 53. Re8+ Kf7 54. Ra8 Rc5 55. Rc8 Ra5 56. Kc3 Bc6 57. Nc4 Rd5 58. Ne5+ Ke7 59. Nxc6+ bxc6 60. Rxc6 1-0

[Event "Mar del Plata op 32nd"]
[Site "Mar del Plata"]
[Date "2001.04.11"]
[Round "5"]
[White "Garcia Palermo, Carlos H"]
[Black "De las Heras, Juan Carlos"]
[Result "1-0"]
[WhiteElo "2470"]
[BlackElo "2288"]
[PlyCount "83"]
[EventDate "2001.04.07"]
[EventType "swiss"]
[EventRounds "9"]
[EventCountry "ARG"]
[SourceTitle "CBM 081 Extra"]
[Source "ChessBase"]
[SourceDate "2001.05.06"]
[SourceVersion "1"]
[SourceVersionDate "2001.05.06"]
[SourceQuality "1"]

1. g3 d5 2. Nf3 c6 3. Bg2 Bg4 4. d3 Nd7 5. Nbd2 e6 6. b3 Be7 7. Bb2 Bf6 8. c3 h5 9. h3 Bxf3 10. Nxf3 g5 11. Qd2 Ne5 12. Nxe5 Bxe5 13. d4 Bg7 14. c4 Bh6 15. e4 Nf6 16. e5 Nd7 17. 0-0 h4 18. Qe2 Nf8 19. Bf3 Qe7 20. Bg4 0-0-0 21. c5 Kb8 22. b4 Ka8 23. Rab1 Bg7 24. Bc3 f5 25. exf6 Bxf6 26. b5 Nd7 27. bxc6 bxc6 28. Qa6 Nb8 29. Qa4 Rd7 30. Rfe1 Rb7 31. Rxb7 Qxb7 32. Rxe6 Rf8 33. Qc2 Bd8 34. Kg2 Qf7 35. Qe2 Bf6 36. Bh5 Qh7 37. Re8 Rxe8 38. Bxe8 Qg7 39. gxh4 gxh4+ 40. Qg4 Qh6 41. Qc8 Qg5+ 42. Kf3 1-0

[Event "ARG-chT"]
[Site "Argentina"]
[Date "2000.??.??"]
[Round "4"]
[White "Escobar, Telmo Carlos"]
[Black "De las Heras, Juan Carlos"]
[Result "0-1"]
[WhiteElo "2280"]
[BlackElo "2312"]
[PlyCount "49"]
[EventDate "2000.??.??"]
[EventType "team"]
[EventRounds "7"]
[EventCountry "ARG"]
[SourceTitle "EXT 2001"]
[Source "ChessBase"]
[SourceDate "2000.11.22"]
[SourceVersion "1"]
[SourceVersionDate "2000.11.22"]
[SourceQuality "1"]

1. e4 e6 2. d4 d5 3. Nd2 Nf6 4. Bd3 Be7 5. e5 Nfd7 6. Ne2 c5 7. c3 Qb6 8. 0-0 0-0 9. Nf3 f6 10. exf6 Nxf6 11. b3 Nc6 12. Bg5 Bd6 13. c4 Nxd4 14. Nexd4 cxd4 15. Nxd4 dxc4 16. Bxc4 Be5 17. Nf5 Bxa1 18. Qxa1 Qc5 19. Bxf6 Rxf6 20. Ng3 Rf8 21. Ne4 Qh5 22. Re1 Bd7 23. Qd4 Bc6 24. Bxe6+ Kh8 25. f3 0-1

[Event "Mar del Plata op 30th"]
[Site "Mar del Plata"]
[Date "1999.04.04"]
[Round "9"]
[White "Hoffman, Alejandro"]
[Black "De las Heras, Juan Carlos"]
[Result "1-0"]
[WhiteElo "2547"]
[BlackElo "2312"]
[PlyCount "89"]
[EventDate "1999.03.??"]
[EventType "team"]
[EventRounds "9"]
[EventCountry "ARG"]
[SourceTitle "EXT 2000"]
[Source "ChessBase"]
[SourceDate "1999.11.16"]
[SourceVersion "1"]
[SourceVersionDate "1999.11.16"]
[SourceQuality "1"]

1. d4 d5 2. c4 c6 3. Nf3 Nf6 4. Nc3 e6 5. Bg5 h6 6. Bxf6 Qxf6 7. e3 Nd7 8. a3 Bd6 9. Bd3 Qe7 10. 0-0 0-0 11. Qc2 Rd8 12. Rfe1 dxc4 13. Bxc4 b5 14. Bd3 Bb7 15. Ne4 Bb8 16. Nfd2 f5 17. Ng3 a6 18. Nb3 a5 19. Nf1 a4 20. Nc1 Ba7 21. Na2 Rac8 22. Rac1 Nf6 23. Nc3 Bb6 24. Qe2 Kh8 25. Red1 Ra8 26. Na2 Rac8 27. Nd2 Bc7 28. Nf3 Nd7 29. e4 Qf6 30. Re1 Bf4 31. Rcd1 fxe4 32. Qxe4 Nf8 33. Nc3 Ba8 34. Qe2 Qe7 35. Ne4 Re8 36. Nc5 Bd6 37. Ne5 Bxe5 38. Qxe5 Rcd8 39. Bb1 Rd5 40. Qe4 Qf6 41. Rd3 Red8 42. Rf3 Rf5 43. Nxe6 Rxf3 44. Nxf8 Rf5 45. Nd7 1-0

[Event "Mar del Plata op 30th"]
[Site "Mar del Plata"]
[Date "1999.04.01"]
[Round "6"]
[White "De las Heras, Juan Carlos"]
[Black "Giardelli, Sergio Carlos"]
[Result "0-1"]
[WhiteElo "2312"]
[BlackElo "2437"]
[PlyCount "60"]
[EventDate "1999.03.??"]
[EventType "team"]
[EventRounds "9"]
[EventCountry "ARG"]
[SourceTitle "EXT 2000"]
[Source "ChessBase"]
[SourceDate "1999.11.16"]
[SourceVersion "1"]
[SourceVersionDate "1999.11.16"]
[SourceQuality "1"]

1. d4 c5 2. d5 Nf6 3. g3 b5 4. Bg2 d6 5. e4 Nbd7 6. f4 Nb6 7. Nd2 g6 8. Ngf3 Bg7 9. 0-0 0-0 10. Re1 a5 11. Nf1 b4 12. h3 Ne8 13. Ne3 Nc7 14. g4 Nb5 15. e5 a4 16. c4 bxc3 17. bxc3 c4 18. Qd2 Qc7 19. Rb1 Ra5 20. Rb4 Rd8 21. Rxb5 Rxb5 22. Nd4 Rb1 23. Qc2 dxe5 24. Nc6 Rb5 25. fxe5 Re8 26. Qe4 Bb7 27. e6 f6 28. Nb4 Qg3 29. Rf1 Rd8 30. Bd2 Nxd5 0-1

[Event "Villa Martelli op"]
[Site "Villa Martelli"]
[Date "1998.11.07"]
[Round "3"]
[White "De las Heras, Juan Carlos"]
[Black "Giaccio, Alfredo Gustavo"]
[Result "1-0"]
[WhiteElo "2315"]
[BlackElo "2460"]
[PlyCount "120"]
[EventDate "1998.11.05"]
[EventType "swiss"]
[EventRounds "7"]
[EventCountry "ARG"]
[SourceTitle "EXT 2000"]
[Source "ChessBase"]
[SourceDate "1999.11.16"]
[SourceVersion "1"]
[SourceVersionDate "1999.11.16"]
[SourceQuality "1"]

1. e4 e6 2. d3 d5 3. Nd2 Nf6 4. g3 b6 5. Bg2 Bb7 6. Ngf3 c5 7. e5 Nfd7 8. 0-0 Nc6 9. Re1 g5 10. c4 d4 11. h4 gxh4 12. Nxh4 Qc7 13. f4 0-0-0 14. a3 Kb8 15. Qh5 f6 16. Ndf3 Bg7 17. Qf7 Rhg8 18. Qxe6 Rde8 19. Qd6 Qxd6 20. exd6 Rxe1+ 21. Nxe1 Na5 22. b4 Bxg2 23. Nexg2 Nb7 24. Nf5 Bf8 25. b5 Bxd6 26. Bd2 Kc7 27. Kf2 Rf8 28. Rh1 Rf7 29. Nh6 Rf8 30. Nf5 Rf7 31. Rh5 Bf8 32. Ngh4 Nd6 33. Nxd6 Bxd6 34. Nf5 Nf8 35. Kf3 Ng6 36. g4 Kd7 37. a4 Bc7 38. Rh1 Bd8 39. Rh6 Bc7 40. Ng3 Bd6 41. Rh1 Bc7 42. Nf5 Bd8 43. Ng3 Bc7 44. Nh5 Rf8 45. a5 Rf7 46. axb6 axb6 47. Ra1 Bb8 48. Be1 Kc8 49. Bg3 Nf8 50. Re1 Kd8 51. Bh4 Nd7 52. Nxf6 Nxf6 53. Re6 Kd7 54. Rxf6 Re7 55. Bf2 Bd6 56. Rh6 Bc7 57. f5 Bd6 58. Rh1 Bc7 59. Ra1 h5 60. gxh5 Rf7 1-0

[Event "Villa Martelli op"]
[Site "Villa Martelli"]
[Date "1998.11.??"]
[Round "6"]
[White "Fiorito, Fabian"]
[Black "De las Heras, Juan Carlos"]
[Result "1-0"]
[WhiteElo "2425"]
[BlackElo "2315"]
[PlyCount "84"]
[EventDate "1998.11.05"]
[EventType "swiss"]
[EventRounds "7"]
[EventCountry "ARG"]
[SourceTitle "EXT 2024"]
[Source "ChessBase"]
[SourceDate "2023.10.10"]
[SourceVersion "1"]
[SourceVersionDate "2023.10.10"]
[SourceQuality "1"]

1. d4 d5 2. c4 c6 3. Nc3 e6 4. Nf3 f5 5. Qc2 Nf6 6. Bg5 Nbd7 7. e3 Be7 8. cxd5 Nxd5 9. Bxe7 Qxe7 10. Bc4 0-0 11. 0-0 b6 12. e4 fxe4 13. Qxe4 N7f6 14. Qh4 Bd7 15. Rfe1 Rae8 16. Nxd5 Nxd5 17. Qxe7 Rxe7 18. Bxd5 cxd5 19. Rac1 Rc8 20. Rxc8+ Bxc8 21. Rc1 Bb7 22. Ne5 Kf8 23. f3 Ke8 24. Kf2 Kd8 25. Ke3 Rc7 26. Rxc7 Kxc7 27. Kf4 Ba6 28. h4 Bb5 29. h5 Be8 30. h6 gxh6 31. Ng4 Kd6 32. Nxh6 Bg6 33. Ng4 Bc2 34. Kg5 Ke7 35. Ne5 a5 36. a3 Bb1 37. g4 Bc2 38. f4 Be4 39. Kh6 Bc2 40. g5 Bf5 41. Kg7 a4 42. Nf7 Bg6 1-0

[Event "Najdorf Festival op"]
[Site "Buenos Aires"]
[Date "1998.10.25"]
[Round "2"]
[White "Malajovich, Sandra"]
[Black "De las Heras, Juan Carlos"]
[Result "0-1"]
[WhiteElo "2120"]
[BlackElo "2315"]
[PlyCount "58"]
[EventDate "1998.10.??"]
[EventType "swiss"]
[EventRounds "9"]
[EventCountry "ARG"]
[SourceTitle "EXT 2002"]
[Source "ChessBase"]
[SourceDate "2001.11.25"]
[SourceVersion "1"]
[SourceVersionDate "2001.11.25"]
[SourceQuality "1"]

1. d4 Nf6 2. c4 g6 3. Nc3 Bg7 4. Nf3 d6 5. Bg5 Na6 6. e3 0-0 7. Be2 c5 8. d5 h6 9. Bh4 g5 10. Bg3 Nh5 11. Nd2 Nxg3 12. hxg3 e6 13. a3 Nc7 14. g4 exd5 15. cxd5 f5 16. gxf5 Bxf5 17. e4 Bg6 18. g4 Qf6 19. f3 a6 20. Nc4 Nb5 21. Nxb5 axb5 22. Nb6 Rad8 23. Ra2 c4 24. a4 Bxe4 25. axb5 Bd3 26. Bxd3 Rde8+ 27. Be2 Qxf3 28. Nxc4 Qxh1+ 29. Kd2 Qxd5+ 0-1

[Event "Boca Juniors op"]
[Site "Buenos Aires"]
[Date "1998.05.13"]
[Round "6"]
[White "Dickau, Daniel"]
[Black "De las Heras, Juan Carlos"]
[Result "0-1"]
[WhiteElo "2120"]
[BlackElo "2270"]
[PlyCount "58"]
[EventDate "1998.05.07"]
[EventType "swiss"]
[EventRounds "9"]
[EventCountry "ARG"]
[SourceTitle "CBM 064 Extra"]
[Source "ChessBase"]
[SourceDate "1998.07.07"]
[SourceVersion "1"]
[SourceVersionDate "1998.07.07"]
[SourceQuality "1"]

1. d4 Nf6 2. Nf3 g6 3. c4 Bg7 4. Nc3 d6 5. e4 0-0 6. g3 c6 7. Bg2 a6 8. a4 a5 9. 0-0 Nfd7 10. Be3 Qb6 11. Qe2 Na6 12. d5 Nac5 13. Nd4 Ne5 14. f4 Ng4 15. Rae1 Nxe4 16. Nxc6 Nxe3 17. Nxe7+ Kh8 18. Nxe4 Nxf1+ 19. Kxf1 Bd7 20. f5 Qxb2 21. Qg4 Bd4 22. Qh4 Rae8 23. Re2 Qc1+ 24. Re1 Qxc4+ 25. Re2 Bxf5 26. Bf3 Bxe4 27. Bxe4 Qc3 28. Rc2 Bf6 29. Qh3 Qa1+ 0-1

[Event "Boca Juniors op"]
[Site "Buenos Aires"]
[Date "1998.05.10"]
[Round "4"]
[White "De las Heras, Juan Carlos"]
[Black "Sorokin, Maxim"]
[Result "0-1"]
[WhiteElo "2270"]
[BlackElo "2575"]
[PlyCount "48"]
[EventDate "1998.05.07"]
[EventType "swiss"]
[EventRounds "9"]
[EventCountry "ARG"]
[SourceTitle "CBM 064 Extra"]
[Source "ChessBase"]
[SourceDate "1998.07.07"]
[SourceVersion "1"]
[SourceVersionDate "1998.07.07"]
[SourceQuality "1"]

1. e4 c5 2. Nf3 Nc6 3. d4 cxd4 4. Nxd4 Nf6 5. Nc3 d6 6. Be2 g6 7. Be3 Bg7 8. 0-0 0-0 9. Kh1 d5 10. Nxc6 bxc6 11. e5 Ne4 12. Nxe4 dxe4 13. Qxd8 Rxd8 14. f4 exf3 15. Bxf3 Bxe5 16. Bxc6 Rb8 17. Rad1 Rxd1 18. Rxd1 Rxb2 19. Bd5 a5 20. Bb3 Bg4 21. Rc1 Be6 22. c4 Bd7 23. c5 Bc6 24. Rg1 Kg7 0-1

[Event "Buenos Aires op"]
[Site "Buenos Aires"]
[Date "1997.??.??"]
[Round "2"]
[White "Giardelli, Sergio Carlos"]
[Black "De las Heras, Juan Carlos"]
[Result "1-0"]
[WhiteElo "2460"]
[BlackElo "2265"]
[PlyCount "95"]
[EventDate "1997.11.??"]
[EventType "tourn"]
[EventRounds "9"]
[EventCountry "ARG"]
[SourceTitle "EXT 1998"]
[Source "ChessBase"]
[SourceDate "1997.11.17"]
[SourceVersion "1"]
[SourceVersionDate "1997.11.17"]
[SourceQuality "1"]

1. c4 c6 2. Nf3 d5 3. Qc2 Nf6 4. b3 g6 5. Bb2 Bg7 6. g3 0-0 7. Bg2 Bf5 8. d3 Qc8 9. h3 Na6 10. Nbd2 Rd8 11. a3 Nc7 12. Rc1 Nce8 13. Qb1 dxc4 14. Nxc4 Nd6 15. Ncd2 Nfe8 16. e4 Be6 17. Bxg7 Nxg7 18. Qb2 Nb5 19. a4 Nc7 20. Qc3 Qd7 21. d4 Nce8 22. Qe3 f6 23. Rd1 Nd6 24. g4 Nf7 25. Nf1 Qd6 26. N1d2 Qb4 27. 0-0 h5 28. e5 hxg4 29. hxg4 fxe5 30. Qe4 Kh7 31. Nh4 Nh8 32. Ndf3 Bd5 33. Qxe5 Qd6 34. Qe3 Nf7 35. Rfe1 Ne6 36. Ne5 Nxe5 37. dxe5 Qb4 38. Qg3 Nf4 39. Be4 Rf8 40. Bc2 Rad8 41. Re3 Qc5 42. Bf5 Qb4 43. Nxg6 Nxg6 44. Qh4+ Kg7 45. Bxg6 Rh8 46. Bh5 Rh7 47. e6 Kh8 48. Qg5 1-0

[Event "Buenos Aires FMDA-chT"]
[Site "Buenos Aires"]
[Date "1996.??.??"]
[Round "4"]
[White "De las Heras, Juan Carlos"]
[Black "Garcia, Manuel"]
[Result "0-1"]
[WhiteElo "2275"]
[BlackElo "2130"]
[PlyCount "49"]
[EventDate "1996.??.??"]
[EventType "team"]
[EventRounds "8"]
[EventCountry "ARG"]
[SourceTitle "EXT 2001"]
[Source "ChessBase"]
[SourceDate "2000.11.22"]
[SourceVersion "1"]
[SourceVersionDate "2000.11.22"]
[SourceQuality "1"]

1. e4 g6 2. d4 Bg7 3. Nc3 c5 4. d5 d6 5. Be2 Nf6 6. Nf3 0-0 7. Nd2 Bd7 8. 0-0 Na6 9. f4 Nc7 10. a4 b6 11. Nc4 Bc8 12. Bd2 e6 13. Be1 exd5 14. exd5 Bb7 15. Bh4 Qd7 16. Bf3 Rfe8 17. h3 Ba6 18. b3 Bxc4 19. bxc4 Re3 20. Qd2 Rae8 21. Rab1 Rxc3 22. Qxc3 Nfxd5 23. Qd2 Nc3 24. Rb3 Nxa4 25. f5 0-1

[Event "Villa Ballester Siembra op"]
[Site "Villa Ballester"]
[Date "1996.??.??"]
[Round "9"]
[White "Dolezal, Cristian"]
[Black "De las Heras, Juan Carlos"]
[Result "0-1"]
[WhiteElo "2355"]
[BlackElo "2275"]
[PlyCount "106"]
[EventDate "1996.??.??"]
[EventType "swiss"]
[EventRounds "9"]
[EventCountry "ARG"]
[SourceTitle "CBM 051 Extra"]
[Source "ChessBase"]
[SourceDate "1996.05.01"]
[SourceVersion "1"]
[SourceVersionDate "1996.05.01"]
[SourceQuality "1"]

1. Nf3 d5 2. g3 c6 3. Bg2 Bg4 4. d3 Nd7 5. h3 Bh5 6. Nbd2 e6 7. b3 Bd6 8. Bb2 f6 9. e4 Ne7 10. Qe2 e5 11. d4 0-0 12. 0-0 Qc7 13. g4 Bf7 14. dxe5 Nxe5 15. Nd4 N7g6 16. Rfe1 Nf4 17. Qf1 Rae8 18. Ne2 Neg6 19. Nxf4 Nxf4 20. Bf3 Bb4 21. c3 Bc5 22. b4 Bd6 23. Nb3 Bg6 24. Nd2 Qc8 25. Re3 Bc7 26. c4 Bb6 27. c5 Bc7 28. Rae1 a6 29. exd5 cxd5 30. Bg2 h5 31. Bf3 Kh7 32. gxh5 Bd3 33. Rxd3 Rxe1 34. Qxe1 Nxd3 35. Qb1 Qf5 36. Bd4 Qg5+ 37. Bg4 Qxd2 38. Bf5+ Kh8 39. Qxd3 Qxd3 40. Bxd3 Be5 41. Be3 Bc3 42. a3 Re8 43. Kg2 d4 44. Bf4 Re1 45. Kf3 Ra1 46. Ke4 Rxa3 47. h4 Bxb4 48. Bd6 Ra5 49. Bc7 Ra3 50. Bb6 Be1 51. Kxd4 Bxf2+ 52. Kc4 Ra4+ 53. Kd5 Rd4+ 0-1

[Event "Bissell op"]
[Site "Buenos Aires"]
[Date "1996.??.??"]
[Round "4"]
[White "Filgueira, Hernan"]
[Black "De las Heras, Juan Carlos"]
[Result "1/2-1/2"]
[WhiteElo "2315"]
[BlackElo "2275"]
[PlyCount "111"]
[EventDate "1996.??.??"]
[EventType "swiss"]
[EventRounds "6"]
[EventCountry "ARG"]
[SourceTitle "EXT 1999"]
[Source "ChessBase"]
[SourceDate "1998.11.16"]
[SourceVersion "1"]
[SourceVersionDate "1998.11.16"]
[SourceQuality "1"]

1. Nf3 e6 2. g3 f5 3. Bg2 Nf6 4. c4 Be7 5. 0-0 0-0 6. b3 b6 7. Bb2 Bb7 8. d4 Bxf3 9. Bxf3 d5 10. cxd5 Nxd5 11. Nd2 Nd7 12. e4 fxe4 13. Nxe4 Re8 14. Bg4 Bf8 15. Re1 Bb4 16. Re2 N7f6 17. Bf3 Nxe4 18. Bxe4 Qg5 19. Rc2 Bd6 20. h4 Qf6 21. Qf1 Rad8 22. Qg2 Kh8 23. Rd1 Qf7 24. Re2 Rf8 25. Kh1 Qh5 26. Red2 Rf6 27. Rd3 Rdf8 28. f4 Bxf4 29. Bf3 Qf7 30. Bxd5 exd5 31. gxf4 Rxf4 32. Ba3 Re8 33. Kg1 Qh5 34. Rf1 Qxh4 35. Rxf4 Qxf4 36. Qf2 Qg4+ 37. Kf1 h5 38. Rf3 Kh7 39. Bc1 Re4 40. Bf4 c5 41. Be5 cxd4 42. Bxg7 Re3 43. Rxe3 dxe3 44. Qf7 Qxg7 45. Qxh5+ Qh6 46. Qf7+ Kh8 47. Qe8+ Kg7 48. Qd7+ Kf6 49. Qd6+ Kg5 50. Qxd5+ Kg4 51. Ke2 Qh2+ 52. Kxe3 Qxa2 53. Qf3+ Kg5 54. Qd5+ Kf6 55. Qd6+ Kf7 56. Qd7+ 1/2-1/2

[Event "Buenos Aires CABJ op 60'"]
[Site "Buenos Aires"]
[Date "1996.??.??"]
[Round "?"]
[White "Szmetan, Jorge"]
[Black "De las Heras, Juan Carlos"]
[Result "1-0"]
[WhiteElo "2405"]
[BlackElo "2275"]
[PlyCount "52"]
[EventDate "1996.??.??"]
[EventType "swiss"]
[EventRounds "9"]
[EventCountry "ARG"]
[SourceTitle "EXT 2002"]
[Source "ChessBase"]
[SourceDate "2001.11.25"]
[SourceVersion "1"]
[SourceVersionDate "2001.11.25"]
[SourceQuality "1"]

1. Nf3 d5 2. c4 c6 3. d4 Nf6 4. Nc3 a6 5. Qb3 e6 6. Bg5 Be7 7. e3 Nbd7 8. Bd3 0-0 9. Qc2 dxc4 10. Bxc4 c5 11. 0-0 b5 12. Bd3 c4 13. Be2 Bb7 14. e4 b4 15. e5 bxc3 16. exf6 Bxf6 17. Bxf6 Qxf6 18. bxc3 Bd5 19. Qa4 Rfd8 20. Rab1 h5 21. Qc2 e5 22. Qd2 e4 23. Ne1 Qg6 24. Nc2 h4 25. Ne3 h3 26. f3 Nb6 1-0

[Event "ARG-chT"]
[Site "Buenos Aires"]
[Date "1995.??.??"]
[Round "1"]
[White "De las Heras, Juan Carlos"]
[Black "Campos, Jose Felix"]
[Result "1-0"]
[WhiteElo "2205"]
[BlackElo "2275"]
[PlyCount "83"]
[EventDate "1995.??.??"]
[EventType "team"]
[EventRounds "9"]
[EventCountry "ARG"]
[SourceTitle "EXT 1997"]
[Source "ChessBase"]
[SourceDate "1996.11.15"]
[SourceVersion "1"]
[SourceVersionDate "1996.11.15"]
[SourceQuality "1"]

1. e4 e5 2. Nf3 Nc6 3. Bb5 f5 4. d3 fxe4 5. dxe4 Nf6 6. 0-0 Bc5 7. Qd3 d6 8. Nc3 Bd7 9. Na4 Bb6 10. Nxb6 axb6 11. Bc4 Qe7 12. a3 Nb4 13. Qc3 Na6 14. Bxa6 bxa6 15. Qxc7 0-0 16. Rd1 Ne8 17. Qb7 Rc8 18. c3 b5 19. Bg5 Qf7 20. Bh4 Rc7 21. Qb6 Rc6 22. Qa7 Nc7 23. Bg3 Bc8 24. Rd3 Qc4 25. Qe3 Ne8 26. Rad1 h6 27. Nd2 Qa2 28. Rb1 Be6 29. Qe1 Bc4 30. Re3 Nf6 31. Qc1 Bf7 32. b3 Bxb3 33. Rxb3 Rfc8 34. f3 Nd7 35. Qb2 Qxb2 36. Rxb2 Rxc3 37. Rxc3 Rxc3 38. Ra2 Nc5 39. Nf1 a5 40. Be1 Rb3 41. Bxa5 Nd3 42. a4 1-0

[Event "Buenos Aires VII Najdorf op"]
[Site "Buenos Aires"]
[Date "1995.??.??"]
[Round "9"]
[White "De las Heras, Juan Carlos"]
[Black "Mahia, Gustavo"]
[Result "1-0"]
[WhiteElo "2150"]
[BlackElo "2320"]
[PlyCount "74"]
[EventDate "1995.??.??"]
[EventType "swiss"]
[EventRounds "9"]
[EventCountry "ARG"]
[SourceTitle "EXT 1997"]
[Source "ChessBase"]
[SourceDate "1996.11.15"]
[SourceVersion "1"]
[SourceVersionDate "1996.11.15"]
[SourceQuality "1"]

1. e4 e6 2. d3 d5 3. Nd2 c5 4. Ngf3 Nc6 5. c3 Nf6 6. a3 Be7 7. g3 b6 8. Bg2 dxe4 9. dxe4 Ba6 10. Qa4 Qc8 11. e5 Nd7 12. Qg4 0-0 13. Nc4 f5 14. exf6 Nxf6 15. Qh4 e5 16. Bh3 Qb7 17. Be6+ Kh8 18. Qh3 Nd8 19. Ncxe5 Qe4+ 20. Be3 Nxe6 21. Qxe6 Rae8 22. 0-0-0 Bc8 23. Qc4 Qxc4 24. Nxc4 Bb7 25. Ng5 Bxh1 26. Rxh1 Nd5 27. Ne6 Nxe3 28. fxe3 Rf2 29. Rd1 Rxh2 30. Rd7 Bf6 31. Rxa7 h5 32. Nf4 b5 33. Nd6 Rxe3 34. Ng6+ Kh7 35. Nf8+ Kg8 36. Kb1 Ree2 37. Ne6 Rxe6 1-0